[Event "Bundesliga 2021-22"]
[Site "Berlin GER"]
[Date "2022.07.09"]
[Round "14.5"]
[Board "6"]
[White "Kozul, Zdenko"]
[Black "Van Wely, Loek"]
[Result "0-1"]
[WhiteTitle "GM"]
[BlackTitle "GM"]
[WhiteElo "2619"]
[BlackElo "2613"]
[WhiteTeam "Schachfreunde Deizisau"]
[BlackTeam "SG Solingen"]
[WhiteFideId "14502879"]
[BlackFideId "1000268"]
[EventDate "2022.03.05"]

1. d4 d5 2. c4 c6 3. Nf3 Nf6 4. Nc3 e6 5. Bg5 h6 6. Bh4 dxc4 7. e4 g5 8. Bg3 b5
9. Be2 Bb7 10. O-O Nbd7 11. Nd2 Qb6 12. a4 a6 13. e5 Nd5 14. Nde4 O-O-O 15. b3
Nxc3 16. Nxc3 b4 17. a5 Qa7 18. Na4 c3 19. Bh5 c5 20. Bxf7 Bd5 21. Qg4 h5 22.
Qxg5 cxd4 23. Bh4 Bc5 24. Qg6 Rdf8 25. Bxe6 Rhg8 26. Qxg8 Rxg8 27. Bxd5 Rg4 28.
g3 Rxh4 29. gxh4 Nxe5 30. Rae1 Qg7+ 31. Kh1 Nd3 32. Re6 c2 33. Re2 c1=Q 34. Rxc1
Nxc1 35. Rc2 Ne2 36. Rxe2 d3 37. Rd2 Qe5 38. Bc4 Bd6 0-1

[Event "Bundesliga 2021-22"]
[Site "Berlin GER"]
[Date "2022.07.09"]
[Round "14.5"]
[Board "7"]
[White "Handke, Florian"]
[Black "Heimann, Andreas"]
[Result "1/2-1/2"]
[WhiteTitle "GM"]
[BlackTitle "GM"]
[WhiteElo "2539"]
[BlackElo "2581"]
[WhiteTeam "SG Solingen"]
[BlackTeam "Schachfreunde Deizisau"]
[WhiteFideId "4634527"]
[BlackFideId "24624632"]
[EventDate "2022.03.05"]

1. e4 e5 2. Nf3 Nc6 3. Bc4 Nf6 4. d3 Bc5 5. O-O d6 6. c3 O-O 7. h3 h6 8. Re1 a5
9. a4 Be6 10. Nbd2 Re8 11. Bb5 Nd7 12. Nf1 Bb6 13. d4 exd4 14. cxd4 d5 15. Bxc6
bxc6 16. e5 c5 17. dxc5 Bxc5 18. Bf4 Qb8 19. Re2 Qb4 20. Bd2 Qb6 1/2-1/2

[Event "Bundesliga 2021-22"]
[Site "Berlin GER"]
[Date "2022.07.09"]
[Round "14.5"]
[Board "8"]
[White "Dautov, Rustem"]
[Black "Halvax, Georg"]
[Result "1/2-1/2"]
[WhiteTitle "GM"]
[BlackTitle "IM"]
[WhiteElo "2596"]
[BlackElo "2407"]
[WhiteTeam "Schachfreunde Deizisau"]
[BlackTeam "SG Solingen"]
[WhiteFideId "4623606"]
[BlackFideId "1619543"]
[EventDate "2022.03.05"]

1. d4 d5 2. c4 e6 3. Nf3 Nf6 4. Nc3 Bb4 5. Qa4+ Nc6 6. Bg5 h6 7. Bxf6 Qxf6 8. e3
O-O 9. Be2 a6 10. O-O dxc4 11. Bxc4 Bd6 12. Ne4 Qe7 13. Nxd6 cxd6 14. d5 Ne5 15.
Nxe5 dxe5 16. Rfd1 Rd8 17. d6 Rxd6 18. Rxd6 Qxd6 19. Rd1 Qe7 20. Be2 b5 21. Bxb5
Rb8 22. Bxa6 Bxa6 23. Qxa6 Rxb2 24. a4 Qh4 25. g3 Qf6 26. Qa8+ Kh7 27. Qe4+ g6
28. Rf1 h5 29. h4 Qd8 30. Qxe5 Ra2 31. Qf4 Qd7 32. Rc1 Rxa4 33. Qb8 Qd2 34. Qc7
Ra7 1/2-1/2

[Event "Bundesliga 2021-22"]
[Site "Berlin GER"]
[Date "2022.07.09"]
[Round "14.6"]
[Board "1"]
[White "Mamedyarov, Shakhriyar"]
[Black "Caruana, Fabiano"]
[Result "1/2-1/2"]
[WhiteTitle "GM"]
[BlackTitle "GM"]
[WhiteElo "2776"]
[BlackElo "2781"]
[WhiteTeam "SC Viernheim"]
[BlackTeam "OSG Baden-Baden"]
[WhiteFideId "13401319"]
[BlackFideId "2020009"]
[EventDate "2022.03.05"]

1. c4 e5 2. g3 Be7 3. Bg2 f5 4. d4 d6 5. Nc3 Nf6 6. dxe5 dxe5 7. Qxd8+ Bxd8 8.
b3 c6 9. Nf3 e4 10. Nd4 Bb6 11. Nc2 Na6 12. Be3 Bxe3 13. Nxe3 Bd7 14. f3 exf3
15. exf3 Nc5 16. O-O-O a5 17. f4 O-O-O 18. Rhe1 Rhe8 19. Bf1 h6 20. Nc2 g5 21.
Rxe8 Rxe8 22. Re1 Rg8 23. fxg5 hxg5 24. Nd4 Rh8 25. Re2 f4 26. gxf4 Nd3+ 27. Kb1
Nxf4 28. Rd2 Ng4 29. Nf3 Ne3 30. Rf2 Rh5 31. Ka1 Bf5 32. Nd4 Bg6 33. Nce2 Rh8
34. Nxf4 gxf4 35. Rxf4 Rxh2 36. Rf3 Rh1 37. Rxe3 1/2-1/2

[Event "Bundesliga 2021-22"]
[Site "Berlin GER"]
[Date "2022.07.09"]
[Round "14.6"]
[Board "2"]
[White "Rapport, Richard"]
[Black "Kryvoruchko, Yuriy"]
[Result "1-0"]
[WhiteTitle "GM"]
[BlackTitle "GM"]
[WhiteElo "2762"]
[BlackElo "2683"]
[WhiteTeam "OSG Baden-Baden"]
[BlackTeam "SC Viernheim"]
[WhiteFideId "738590"]
[BlackFideId "14109182"]
[EventDate "2022.03.05"]

1. Nf3 d5 2. g3 Nf6 3. Bg2 e6 4. O-O Be7 5. d3 O-O 6. Bf4 Bd6 7. Bxd6 Qxd6 8. c4
d4 9. b4 a5 10. b5 Nbd7 11. Nbd2 e5 12. a4 Nc5 13. Nb3 Nxb3 14. Qxb3 Nd7 15. Nd2
Nc5 16. Qa3 Bf5 17. Nb3 Nxb3 18. Qxb3 Rab8 19. Qa3 Rfe8 20. Rfd1 Qxa3 21. Rxa3
Kf8 22. c5 Be6 23. e3 Red8 24. Re1 Bd5 25. exd4 exd4 26. Re5 Bxg2 27. Kxg2 Re8
28. Rh5 h6 29. c6 bxc6 30. bxc6 Re6 31. Rxa5 Rxc6 32. Rd5 Rc3 33. Rxc3 dxc3 34.
Rc5 Ra8 35. Rxc7 Rxa4 36. Rxc3 g5 37. Kf3 Ra1 38. h3 Rd1 39. Kg4 Kg7 40. f4 gxf4
41. Kxf4 Kf6 42. Ke3 Rg1 43. Kf2 Rd1 44. Ke2 Ra1 45. d4 Ke6 46. Ke3 Re1+ 47. Kd3
Kd6 48. Ra3 h5 49. h4 f6 50. Rb3 Ke6 51. Kc4 Rg1 52. d5+ Kd6 53. Kd4 Rf1 54.
Rb6+ Kd7 55. Ke4 Rf2 56. Rb7+ Kd6 57. Rb6+ Kd7 58. Ra6 Rf1 59. Ra8 Ke7 60. Rh8
Rg1 61. Kf4 Rf1+ 62. Ke4 Rg1 63. Kf5 Rxg3 64. Rh7+ Kd6 65. Rxh5 Rf3+ 66. Kg6 Rf4
67. Kf7 Rf1 68. Kg7 Rf2 69. Kg6 Rf4 70. Kf7 Rf1 71. Rh6 Kxd5 72. Rxf6 Rh1 73.
Rf5+ Kd6 74. h5 Rh2 75. Rf6+ Ke5 76. h6 Ra2 77. Kg7 1-0

[Event "Bundesliga 2021-22"]
[Site "Berlin GER"]
[Date "2022.07.09"]
[Round "14.6"]
[Board "3"]
[White "Korobov, Anton"]
[Black "Vachier-Lagrave, Maxime"]
[Result "1/2-1/2"]
[WhiteTitle "GM"]
[BlackTitle "GM"]
[WhiteElo "2695"]
[BlackElo "2761"]
[WhiteTeam "SC Viernheim"]
[BlackTeam "OSG Baden-Baden"]
[WhiteFideId "14105730"]
[BlackFideId "623539"]
[EventDate "2022.03.05"]

1. d4 Nf6 2. c4 g6 3. Nc3 d5 4. Nf3 Bg7 5. cxd5 Nxd5 6. Bd2 O-O 7. Rc1 c5 8.
Nxd5 Qxd5 9. Rxc5 Qxa2 10. e3 Be6 11. Bd3 Na6 12. Ra5 Qxb2 13. O-O Nb4 14. Be4
Nc6 15. Rc5 Rac8 16. Qe2 Rfd8 17. Rb1 Qa2 18. Qd1 Nxd4 19. exd4 Rxc5 20. dxc5
Bg4 21. Bc2 Bxf3 22. gxf3 Bc3 23. Bxc3 Rxd1+ 24. Rxd1 f5 25. Rd8+ Kf7 26. Bd3
Qa3 27. Bc4+ e6 28. Rd7+ Ke8 29. Rxb7 Qxc3 30. Bb5+ Kf8 31. c6 Qc1+ 1/2-1/2

[Event "Bundesliga 2021-22"]
[Site "Berlin GER"]
[Date "2022.07.09"]
[Round "14.6"]
[Board "4"]
[White "Vallejo Pons, Francisco"]
[Black "Anton Guijarro, David"]
[Result "1-0"]
[WhiteTitle "GM"]
[BlackTitle "GM"]
[WhiteElo "2704"]
[BlackElo "2694"]
[WhiteTeam "OSG Baden-Baden"]
[BlackTeam "SC Viernheim"]
[WhiteFideId "2205530"]
[BlackFideId "2285525"]
[EventDate "2022.03.05"]

1. e4 e5 2. Nf3 Nc6 3. Bb5 a6 4. Ba4 Nf6 5. Nc3 Bc5 6. Nxe5 Nxe5 7. d4 Bd6 8.
O-O O-O 9. dxe5 Bxe5 10. Nd5 Nxd5 11. Qxd5 d6 12. c3 Rb8 13. Be3 h6 14. Bc2 Be6
15. Qd2 Bc4 16. Rfe1 Re8 17. Rad1 Qe7 18. a4 a5 19. f4 Bf6 20. Bd4 b6 21. g3
Rbd8 22. Bxf6 Qxf6 23. Qd4 Be6 24. Qxf6 gxf6 25. Kf2 Kf8 26. Rd2 Ke7 27. Bd3 c6
28. Bc2 Rb8 29. Ra1 Red8 30. Ke3 Rg8 31. Rad1 Bg4 32. Rb1 Be6 33. b4 Ba2 34. Rb2
Bc4 35. Bd1 Rgc8 36. Rb1 axb4 37. Rxb4 b5 38. axb5 cxb5 39. Bb3 Be6 40. Kd4 Rc7
41. Rc2 Ra7 42. Rb2 Bd7 43. Ba4 f5 44. exf5 Bxf5 45. Bxb5 Rc8 46. Bc4 Rcc7 47.
Rb5 Bd7 48. Rb6 Ra4 49. R2b4 Raa7 50. Bd3 Ra2 51. Rb2 Rca7 52. c4 Rxb2 53. Rxb2
Be6 54. f5 Bd7 55. g4 Ra1 56. Rb7 Kd8 57. Rb8+ Bc8 58. Be4 Kc7 59. Rb3 Rg1 60.
Bf3 f6 61. Ra3 Rf1 62. Ke3 Kb6 63. Rd3 Kc7 64. Ra3 Kb6 65. Rd3 Kc7 66. Ke2 Rc1
67. Ra3 Rxc4 68. Ra7+ Kd8 69. Rf7 Rc2+ 70. Ke3 Rxh2 71. Rf8+ Kd7 72. Bd5 Ba6 73.
Rxf6 Be2 74. Rg6 Bd1 75. f6 Re2+ 76. Kf4 Re8 77. Rxh6 Bc2 78. Rh2 Bg6 79. Rh6
Bc2 80. Rh2 Bg6 81. Ra2 Re5 82. Ra7+ Ke8 83. f7+ 1-0

[Event "Bundesliga 2021-22"]
[Site "Berlin GER"]
[Date "2022.07.09"]
[Round "14.6"]
[Board "5"]
[White "Amin, Bassem"]
[Black "Shirov, Alexei"]
[Result "1/2-1/2"]
[WhiteTitle "GM"]
[BlackTitle "GM"]
[WhiteElo "2683"]
[BlackElo "2691"]
[WhiteTeam "SC Viernheim"]
[BlackTeam "OSG Baden-Baden"]
[WhiteFideId "10601457"]
[BlackFideId "2209390"]
[EventDate "2022.03.05"]

1. e4 e5 2. Nf3 Nc6 3. Bc4 Bc5 4. d3 Nf6 5. O-O O-O 6. h3 h6 7. Re1 Re8 8. c3
Bb6 9. Nbd2 d5 10. exd5 Nxd5 11. d4 Nf4 12. Ne4 Bf5 13. Ng3 Bg6 14. dxe5 Nd3 15.
Bxd3 Qxd3 16. Qxd3 Bxd3 17. Nh5 Rad8 18. Nf4 Bc2 19. Be3 Nxe5 20. Nxe5 Rxe5 21.
Bxb6 1/2-1/2

[Event "Bundesliga 2021-22"]
[Site "Berlin GER"]
[Date "2022.07.09"]
[Round "14.6"]
[Board "6"]
[White "Wojtaszek, Radoslaw"]
[Black "Fedorchuk, Sergey A."]
[Result "1/2-1/2"]
[WhiteTitle "GM"]
[BlackTitle "GM"]
[WhiteElo "2694"]
[BlackElo "2604"]
[WhiteTeam "OSG Baden-Baden"]
[BlackTeam "SC Viernheim"]
[WhiteFideId "1118358"]
[BlackFideId "14102536"]
[EventDate "2022.03.05"]

1. d4 Nf6 2. c4 e6 3. g3 Bb4+ 4. Bd2 Bxd2+ 5. Qxd2 d5 6. Nf3 O-O 7. Bg2 c6 8.
O-O Nbd7 9. Qc2 b6 10. Nbd2 Bb7 11. b4 Qe7 12. c5 a5 13. a3 Ba6 14. Rfe1 axb4
15. axb4 Bb5 16. e4 Nxe4 17. Nxe4 dxe4 18. Qxe4 h6 19. Qc2 Rfc8 20. Nd2 Nf6 21.
Qb2 Qd8 22. h4 Rcb8 23. Rxa8 1/2-1/2

[Event "Bundesliga 2021-22"]
[Site "Berlin GER"]
[Date "2022.07.09"]
[Round "14.6"]
[Board "7"]
[White "Braun, Arik"]
[Black "Kasimdzhanov, Rustam"]
[Result "1/2-1/2"]
[WhiteTitle "GM"]
[BlackTitle "GM"]
[WhiteElo "2587"]
[BlackElo "2659"]
[WhiteTeam "SC Viernheim"]
[BlackTeam "OSG Baden-Baden"]
[WhiteFideId "4663527"]
[BlackFideId "14200244"]
[EventDate "2022.03.05"]

1. d4 d5 2. Nf3 c5 3. dxc5 e6 4. e4 Bxc5 5. exd5 exd5 6. Bb5+ Nc6 7. O-O Ne7 8.
Nbd2 O-O 9. Nb3 Bb6 10. Bf4 Ng6 11. Bg3 f5 12. h3 f4 13. Bh2 Kh8 14. Re1 Bf5 15.
Bd3 Qf6 16. Bxf5 Qxf5 17. c3 Rae8 18. Rxe8 Rxe8 19. Qd2 h6 20. Rd1 a6 1/2-1/2

[Event "Bundesliga 2021-22"]
[Site "Berlin GER"]
[Date "2022.07.09"]
[Round "14.6"]
[Board "8"]
[White "Naiditsch, Arkadij"]
[Black "Wagner, Dennis"]
[Result "1/2-1/2"]
[WhiteTitle "GM"]
[BlackTitle "GM"]
[WhiteElo "2648"]
[BlackElo "2584"]
[WhiteTeam "OSG Baden-Baden"]
[BlackTeam "SC Viernheim"]
[WhiteFideId "4650891"]
[BlackFideId "24650684"]
[EventDate "2022.03.05"]

1. e4 e5 2. Nf3 Nc6 3. Bb5 a6 4. Ba4 Nf6 5. d3 Bc5 6. Bg5 h6 7. Bh4 b5 8. Bb3
Be7 9. Nc3 O-O 10. h3 d6 11. Bxf6 Bxf6 12. Nd5 Na5 13. Qd2 Nxb3 14. axb3 Be6 15.
Nxf6+ Qxf6 16. b4 Rfc8 17. Nh2 Qg6 18. g4 c5 19. bxc5 Rxc5 20. Nf1 d5 21. exd5
Bxd5 22. Rg1 Rd8 23. Ne3 Bb7 24. h4 Rc7 25. Qa5 Rdd7 26. Ra3 e4 27. g5 h5 28. d4
Qd6 29. Rc3 Rxc3 30. bxc3 Qh2 31. Rg2 Qxh4 32. Qb6 Qf4 33. g6 Qc7 34. gxf7+ Rxf7
35. Qe6 Qxc3+ 36. Ke2 a5 37. Qe8+ Rf8 38. Qe5 Rf7 39. Qe8+ Rf8 40. Qd7 Rf7 41.
Qe8+ 1/2-1/2

[Event "Bundesliga 2021-22"]
[Site "Berlin GER"]
[Date "2022.07.09"]
[Round "14.7"]
[Board "1"]
[White "Huschenbeth, Niclas"]
[Black "Grandelius, Nils"]
[Result "1/2-1/2"]
[WhiteTitle "GM"]
[BlackTitle "GM"]
[WhiteElo "2611"]
[BlackElo "2663"]
[WhiteTeam "FC Bayern Muenchen"]
[BlackTeam "Hamburger SK"]
[WhiteFideId "24604747"]
[BlackFideId "1710400"]
[EventDate "2022.03.05"]

1. e4 e5 2. Nf3 Nc6 3. Bb5 a6 4. Ba4 Nf6 5. O-O Nxe4 6. d4 b5 7. Bb3 d5 8. dxe5
Be6 9. c3 Bc5 10. Nbd2 O-O 11. Bc2 Nxf2 12. Rxf2 Bxf2+ 13. Kxf2 f6 14. Nf1 fxe5
15. Kg1 Qd7 16. a4 Kh8 17. axb5 axb5 18. Rxa8 Rxa8 19. Nxe5 Nxe5 20. Qh5 g5 21.
Bxg5 Kg8 22. Bf6 Nc4 23. Qg5+ Kf8 24. Qh6+ Kg8 25. Bd4 Nd6 26. Qf6 Rf8 27. Qe5
Kf7 28. Ne3 Ke8 29. Nxd5 Kd8 30. Nf6 Qf7 31. Qg5 Kc8 32. Bxh7 Bd7 33. h4 Bc6 34.
Kh2 Qe7 35. Bg6 Kb7 36. Nh7 Qxg5 37. Nxg5 Rf4 38. Kg3 Rf1 39. h5 Nf5+ 40. Bxf5
Rxf5 41. Ne6 Bd5 42. Nf4 c5 43. Be3 Bg8 44. Kh4 Re5 45. Bd2 Re4 46. g4 Ra4 47.
b4 Ra2 48. Be3 cxb4 49. cxb4 Rc2 50. Kg5 Kc6 51. Bc5 Rc4 52. Bf8 Kd7 53. h6 Rxf4
54. Kxf4 Ke6 1/2-1/2

[Event "Bundesliga 2021-22"]
[Site "Berlin GER"]
[Date "2022.07.09"]
[Round "14.7"]
[Board "2"]
[White "Svane, Rasmus"]
[Black "Santos Ruiz, Miguel"]
[Result "0-1"]
[WhiteTitle "GM"]
[BlackTitle "GM"]
[WhiteElo "2637"]
[BlackElo "2597"]
[WhiteTeam "Hamburger SK"]
[BlackTeam "FC Bayern Muenchen"]
[WhiteFideId "4657101"]
[BlackFideId "22291482"]
[EventDate "2022.03.05"]

1. d4 Nf6 2. Nf3 d5 3. Bf4 c5 4. e3 Nc6 5. Nbd2 e6 6. c3 Be7 7. Ne5 Nd7 8. Nxd7
Bxd7 9. Bd3 g5 10. Bg3 h5 11. h3 Qb6 12. Rb1 cxd4 13. exd4 f5 14. b4 f4 15. Bg6+
Kd8 16. Bh2 e5 17. Bf7 exd4 18. O-O dxc3 19. Nf3 Nxb4 20. Qe2 Bb5 21. Qe5 Bf6
22. Qe1 Bxf1 23. a3 Nd3 24. Qxf1 c2 25. Rxb6 axb6 0-1

[Event "Bundesliga 2021-22"]
[Site "Berlin GER"]
[Date "2022.07.09"]
[Round "14.7"]
[Board "3"]
[White "Bogner, Sebastian"]
[Black "Lampert, Jonas"]
[Result "1/2-1/2"]
[WhiteTitle "GM"]
[BlackTitle "GM"]
[WhiteElo "2573"]
[BlackElo "2542"]
[WhiteTeam "FC Bayern Muenchen"]
[BlackTeam "Hamburger SK"]
[WhiteFideId "4692055"]
[BlackFideId "1303759"]
[EventDate "2022.03.05"]

1. e4 e5 2. Nf3 Nc6 3. Bb5 a6 4. Ba4 Nf6 5. O-O Bc5 6. c3 b5 7. Bb3 d6 8. a4 Bb7
9. d4 Ba7 10. Bg5 h6 11. Bxf6 Qxf6 12. Bd5 O-O 13. axb5 axb5 14. Na3 b4 15. cxb4
Rab8 16. dxe5 Nxe5 17. Nxe5 dxe5 18. Bxb7 Rxb7 19. b5 c6 20. Qc2 Bd4 21. Qxc6
Qxc6 22. bxc6 Rxb2 23. Nc4 Rb4 24. Rac1 Rc8 25. Nd6 Rc7 26. Ne8 Rc8 27. Nd6 Rc7
28. Rfd1 Rb2 29. Ne8 Rc8 30. Nd6 Rc7 31. Nf5 Bxf2+ 32. Kf1 Bb6 33. Rd8+ Kh7 34.
Rb8 Rf2+ 35. Ke1 Ba7 36. Rb7 Rxb7 37. cxb7 Rxg2 38. Rc7 Rg4 39. Rxf7 Rxe4+ 40.
Kd2 Kg6 41. Rf8 Rb4 42. Nd6 Rd4+ 43. Kc3 Rxd6 44. Ra8 Rb6 45. Rxa7 Kf5 46. Kc4
Rb1 47. Kc5 e4 48. Kc6 Rc1+ 49. Kd6 Rd1+ 50. Kc7 Rc1+ 51. Kd6 Rd1+ 52. Kc7 Rc1+
53. Kd6 Rd1+ 1/2-1/2

[Event "Bundesliga 2021-22"]
[Site "Berlin GER"]
[Date "2022.07.09"]
[Round "14.7"]
[Board "4"]
[White "Ftacnik, Lubomir"]
[Black "Lokander, Martin"]
[Result "1-0"]
[WhiteTitle "GM"]
[BlackTitle "IM"]
[WhiteElo "2495"]
[BlackElo "2475"]
[WhiteTeam "Hamburger SK"]
[BlackTeam "FC Bayern Muenchen"]
[WhiteFideId "14900017"]
[BlackFideId "1709569"]
[EventDate "2022.03.05"]

1. Nf3 Nf6 2. c4 c6 3. d4 d5 4. e3 e6 5. Nbd2 c5 6. dxc5 Bxc5 7. a3 O-O 8. b4
Be7 9. Bb2 b6 10. Be2 Bb7 11. O-O Nbd7 12. Rc1 a5 13. b5 Nc5 14. Ne5 Nfe4 15.
Ndf3 Bf6 16. Qc2 Rc8 17. Rfd1 Qe7 18. a4 Rfd8 19. Bd4 h6 20. Qa2 dxc4 21. Nxc4
Bd5 22. Nfe5 Nd6 23. Nc6 Bxc6 24. Nxb6 Bxd4 25. Nxc8 Rxc8 26. bxc6 Bf6 27. Rxc5
Ne4 28. Rc4 Nc3 29. Rxc3 Bxc3 30. Bb5 Be5 31. Rd7 Qc5 32. g3 g6 33. Qd2 h5 34.
h4 Rxc6 35. Bxc6 Qxc6 36. Rd8+ Kg7 37. Qd7 Qf3 38. Qd1 Qe4 39. Rc8 Kh7 40. Rf8
Kg7 41. Rc8 Kh7 42. Qc2 Qg4 43. Rc4 Qf3 44. Qe4 Qd1+ 45. Kg2 Bf6 46. Rc7 Kg8 47.
Qa8+ 1-0

[Event "Bundesliga 2021-22"]
[Site "Berlin GER"]
[Date "2022.07.09"]
[Round "14.7"]
[Board "5"]
[White "Kurmann, Oliver"]
[Black "Heinemann, Thies"]
[Result "1-0"]
[WhiteTitle "IM"]
[BlackTitle "GM"]
[WhiteElo "2462"]
[BlackElo "2495"]
[WhiteTeam "FC Bayern Muenchen"]
[BlackTeam "Hamburger SK"]
[WhiteFideId "1308173"]
[BlackFideId "4601556"]
[EventDate "2022.03.05"]

1. e4 c5 2. Nf3 d6 3. d4 cxd4 4. Nxd4 Nf6 5. Nc3 a6 6. Bg5 Nbd7 7. f3 e6 8. Qd2
Qc7 9. O-O-O Be7 10. g4 Ne5 11. Be3 Nc4 12. Bxc4 Qxc4 13. g5 Nd7 14. f4 Rb8 15.
f5 Ne5 16. Rhf1 Bd7 17. b3 Qb4 18. Nce2 Qxd2+ 19. Bxd2 Rc8 20. Kb2 Nc6 21. h4
Bd8 22. fxe6 fxe6 23. Bc3 Ba5 24. Bxa5 Nxa5 25. Ng3 Ke7 26. Nh5 Rhg8 27. g6 hxg6
28. Nf4 Be8 29. Ndxe6 Nc6 30. Ng5 Ne5 31. Nd5+ Kd8 32. Rf8 Rxf8 33. Ne6+ Kd7 34.
Nxf8+ Kd8 35. Ne6+ Kd7 36. Nb6+ Kxe6 37. Nxc8 Nf7 38. Kc3 Bc6 39. Kd4 g5 40. h5
Ne5 41. Ke3 Ng4+ 42. Ke2 Nf6 43. Nxd6 Nxh5 44. c4 g4 45. Ke3 g3 46. c5 g5 47.
Rg1 b6 48. b4 bxc5 49. bxc5 a5 50. Nc4 Nf6 51. Nd2 Nh5 52. Nf3 Be8 53. Nxg5+ Kd7
54. Nf3 Kc6 55. Rc1 1-0

[Event "Bundesliga 2021-22"]
[Site "Berlin GER"]
[Date "2022.07.09"]
[Round "14.7"]
[Board "6"]
[White "Rogozenco, Dorian"]
[Black "Zajogin, Alexander"]
[Result "1-0"]
[WhiteTitle "GM"]
[WhiteElo "2448"]
[BlackElo "2399"]
[WhiteTeam "Hamburger SK"]
[BlackTeam "FC Bayern Muenchen"]
[WhiteFideId "1210319"]
[BlackFideId "13500430"]
[EventDate "2022.03.05"]

1. Nf3 Nf6 2. c4 e6 3. Nc3 Bb4 4. Qc2 O-O 5. a3 Bxc3 6. Qxc3 b6 7. b4 Bb7 8. Bb2
d6 9. e3 Nbd7 10. Be2 e5 11. O-O Qe7 12. Rae1 Ne4 13. Qc2 Ng5 14. Nxg5 Qxg5 15.
f3 f5 16. c5 bxc5 17. bxc5 Bd5 18. cxd6 cxd6 19. Bc4 Bxc4 20. Qxc4+ Rf7 21. f4
Qh4 22. Qd5 Rb8 23. fxe5 dxe5 24. Bxe5 Re8 25. Bd4 Nf6 26. Qxf5 Kh8 27. h3 Ref8
28. Qf4 Qh5 29. Qe5 Qh4 30. Rb1 h6 31. Rb8 Rxb8 32. Qxb8+ Kh7 33. Qb1+ Kg8 34.
Qg6 1-0

[Event "Bundesliga 2021-22"]
[Site "Berlin GER"]
[Date "2022.07.09"]
[Round "14.7"]
[Board "7"]
[White "Ribli, Zoltan"]
[Black "Sebastian, Dirk"]
[Result "1/2-1/2"]
[WhiteTitle "GM"]
[BlackTitle "IM"]
[WhiteElo "2523"]
[BlackElo "2445"]
[WhiteTeam "FC Bayern Muenchen"]
[BlackTeam "Hamburger SK"]
[WhiteFideId "700010"]
[BlackFideId "4637607"]
[EventDate "2022.03.05"]

1. Nf3 Nf6 2. g3 c5 3. Bg2 Nc6 4. O-O e5 5. e4 d6 6. d3 g6 7. a3 Bg7 8. c3 O-O
9. b4 a6 10. Nbd2 Be6 11. Re1 h6 12. Bb2 Nd7 13. Nc4 b5 14. Ne3 Nb6 15. Rb1 Re8
16. d4 exd4 17. cxd4 Na4 18. Ba1 cxd4 19. Nxd4 Nxd4 20. Bxd4 Nc3 21. Bxc3 Bxc3
22. Re2 Rc8 1/2-1/2

[Event "Bundesliga 2021-22"]
[Site "Berlin GER"]
[Date "2022.07.09"]
[Round "14.7"]
[Board "8"]
[White "Bracker, Frank"]
[Black "Meister, Peter"]
[Result "1-0"]
[WhiteTitle "IM"]
[BlackTitle "IM"]
[WhiteElo "2364"]
[BlackElo "2346"]
[WhiteTeam "Hamburger SK"]
[BlackTeam "FC Bayern Muenchen"]
[WhiteFideId "24614343"]
[BlackFideId "4600207"]
[EventDate "2022.03.05"]

1. Nf3 d5 2. g3 Bg4 3. Bg2 c6 4. O-O e6 5. h3 Bh5 6. d3 Nf6 7. Qe1 Nbd7 8. e4
dxe4 9. dxe4 Bxf3 10. Bxf3 e5 11. Nd2 Bc5 12. a4 O-O 13. Nc4 Re8 14. b4 Bf8 15.
Be3 Qc7 16. Qc3 Rec8 17. a5 b5 18. axb6 axb6 19. Nb2 h6 20. Nd3 Bd6 21. Bg2 Rxa1
22. Rxa1 c5 23. b5 c4 24. Nb4 Bxb4 25. Qxb4 c3 26. Ra6 Qb7 27. Qa3 Qb8 28. f3
Kh7 29. Qe7 Kg8 30. Bf1 Re8 31. Qa3 Qc7 32. Ra7 Qb8 33. Kf2 Rc8 34. h4 Kh7 35.
Bh3 Rc7 36. Ra8 Qb7 37. Ra6 Nc5 38. Bxc5 bxc5 39. b6 Rc6 40. Bf5+ Kh8 41. Ra7 1-0

[Event "Bundesliga 2021-22"]
[Site "Berlin GER"]
[Date "2022.07.09"]
[Round "14.8"]
[Board "1"]
[White "Jones, Gawain C B"]
[Black "Niemann, Hans Moke"]
[Result "0-1"]
[WhiteTitle "GM"]
[BlackTitle "GM"]
[WhiteElo "2672"]
[BlackElo "2642"]
[WhiteTeam "Muenchener Schachclub 1836"]
[BlackTeam "SK Doppelbauer Turm Kiel"]
[WhiteFideId "409561"]
[BlackFideId "2093596"]
[EventDate "2022.03.05"]

1. e4 e5 2. Nf3 Nc6 3. d4 exd4 4. Nxd4 Nf6 5. Nc3 Bb4 6. Nxc6 bxc6 7. Bd3 O-O 8.
O-O d5 9. exd5 cxd5 10. Bg5 Be6 11. Ne2 h6 12. Bh4 Bg4 13. h3 Bh5 14. Qc1 Bxe2
15. Bxe2 Bc5 16. Bf3 g5 17. Bg3 Ne4 18. Kh1 f5 19. c4 d4 20. Qe1 Qe7 21. Qa5 c6
22. Rad1 Rad8 23. a3 d3 24. Qa4 Rf6 25. b4 Nc3 26. Qb3 Nxd1 27. bxc5 f4 28. Bh2
Ne3 29. fxe3 fxe3 30. Bd6 e2 31. Re1 Rxf3 32. Bxe7 d2 33. Qxf3 dxe1=Q+ 34. Kh2
Qf1 0-1

[Event "Bundesliga 2021-22"]
[Site "Berlin GER"]
[Date "2022.07.09"]
[Round "14.8"]
[Board "2"]
[White "Khenkin, Igor"]
[Black "Indjic, Aleksandar"]
[Result "1/2-1/2"]
[WhiteTitle "GM"]
[BlackTitle "GM"]
[WhiteElo "2509"]
[BlackElo "2605"]
[WhiteTeam "SK Doppelbauer Turm Kiel"]
[BlackTeam "Muenchener Schachclub 1836"]
[WhiteFideId "4659600"]
[BlackFideId "911925"]
[EventDate "2022.03.05"]

1. d4 Nf6 2. Nf3 e6 3. c4 c5 4. e3 d5 5. cxd5 exd5 6. Bb5+ Nbd7 7. dxc5 Bxc5 8.
Nc3 O-O 9. O-O a6 10. Be2 Nb8 11. b3 Nc6 12. Bb2 Ba7 13. Rc1 Qd6 14. Na4 Rd8 15.
Nd4 Bd7 16. Nxc6 Bxc6 17. Bd4 Bxa4 18. bxa4 Bxd4 19. Qxd4 Qa3 20. Rc7 b5 21.
axb5 1/2-1/2

[Event "Bundesliga 2021-22"]
[Site "Berlin GER"]
[Date "2022.07.09"]
[Round "14.8"]
[Board "3"]
[White "Martinovic, Sasa"]
[Black "Bjerre, Jonas Buhl"]
[Result "1/2-1/2"]
[WhiteTitle "GM"]
[BlackTitle "GM"]
[WhiteElo "2554"]
[BlackElo "2601"]
[WhiteTeam "Muenchener Schachclub 1836"]
[BlackTeam "SK Doppelbauer Turm Kiel"]
[WhiteFideId "14509792"]
[BlackFideId "1444948"]
[EventDate "2022.03.05"]

1. d4 Nf6 2. c4 e6 3. Nf3 d5 4. Nc3 Bb4 5. Bg5 h6 6. Bxf6 Qxf6 7. Qb3 c5 8. cxd5
exd5 9. e3 O-O 10. dxc5 Bxc3+ 11. Qxc3 Qxc3+ 12. bxc3 Nd7 13. Rd1 Nf6 14. c4 Be6
15. Nd4 Rac8 16. c6 bxc6 17. c5 Rc7 18. Bd3 Rb8 19. Rb1 Rxb1+ 20. Bxb1 Nd7 21.
Kd2 Rb7 22. Nxc6 Nxc5 23. Rc1 Rb2+ 24. Rc2 Rxb1 25. Rxc5 Rh1 26. Ke2 Rxh2 27.
Kf3 g5 28. Nd4 1/2-1/2